000 00286nam a22001337a 4500
008 170207b xxu||||| |||| 00| 0 eng d
020 _a007708908
041 _aeng
080 _212ED
_a61
100 _a4
101 _aSHM
245 _aINTRENAL MEDICINE
_cJEAN WILSON
942 _2udc
_cBK
999 _c4840
_d4840